000 00727nam a2200265 i 4500
001 C2-0344554
003 PPAK
005 20180728145400.0
008 180108s2016 xxka|||| ||||| | eng d
020 _a9781786171344
040 _aPPAK
_beng
_cPPAK
_erda
082 0 4 _a398.2
_223
090 0 0 _a398.2
_bFAI
_dRK
245 0 0 _aFairy stories
264 1 _aEssex, England :
_bMiles Kelly Publishing Ltd. ,
_c2016
300 _a383 pages :
_bcolour illustrations ;
_c22 cm
336 _2rdacontent
_atext
337 _2rdamedia
_aunmediated
338 _2rdacarrier
_avolume
490 1 _aClassic treasury
650 1 0 _aFairy tales.
700 1 _aThomas, Tig,
_ecompile
830 0 _aClassic treasury
942 _ddc
_cB
999 _c141197
_d141197